ARRUPE JESUIT UNIVERSITY

CORONAVIRUS -STOP THE SPREAD - CLEAN,DISINFECT,COVER

Women in medieval history & historiography / (Record no. 122951)

MARC details
000 -LEADER
fixed length control field 00989cam a2200325 a 4500
001 - CONTROL NUMBER
control field 4460682
003 - CONTROL NUMBER IDENTIFIER
control field ARRUPE
005 - DATE AND TIME OF LATEST TRANSACTION
control field 20150716143822.0
008 - FIXED-LENGTH DATA ELEMENTS--GENERAL INFORMATION
fixed length control field 870522s1987 pau b s001 0 eng
010 ## - LIBRARY OF CONGRESS CONTROL NUMBER
LC control number 86030917
020 ## - INTERNATIONAL STANDARD BOOK NUMBER
International Standard Book Number 0812280482 (alk. paper)
035 ## - SYSTEM CONTROL NUMBER
System control number (OCoLC)15163149
035 ## - SYSTEM CONTROL NUMBER
System control number (OCoLC)ocm15163149
035 ## - SYSTEM CONTROL NUMBER
System control number (NNC)4460682
040 ## - CATALOGING SOURCE
Modifying agency NNUT
Transcribing agency Arrupe
050 0# - LIBRARY OF CONGRESS CALL NUMBER
Classification number HQ1143
Item number .W635 1987
090 ## - LOCALLY ASSIGNED LC-TYPE CALL NUMBER (OCLC); LOCAL CALL NUMBER (OCLC)
Classification number (OCLC) (R) ; Classification number, CALL (RLIN) (NR) HQ1143
Local cutter number (OCLC) ; Book number/undivided call number, CALL (RLIN) .W635 1987
300 ## - PHYSICAL DESCRIPTION
Dimensions 25 cm.
245 00 - TITLE STATEMENT
Title Women in medieval history & historiography /
Statement of responsibility, etc edited by Susan Mosher Stuard.
260 ## - PUBLICATION, DISTRIBUTION, ETC. (IMPRINT)
Place of publication, distribution, etc Philadelphia :
Name of publisher, distributor, etc University of Pennsylvania Press,
Date of publication, distribution, etc 1987.
300 ## - PHYSICAL DESCRIPTION
Extent xvi, 203 p. ;
490 1# - SERIES STATEMENT
Series statement Middle Ages series
500 ## - GENERAL NOTE
General note Includes indexes.
504 ## - BIBLIOGRAPHY, ETC. NOTE
Bibliography, etc Bibliography: p. [133]-184.
650 #0 - SUBJECT ADDED ENTRY--TOPICAL TERM
Topical term or geographic name as entry element Women
General subdivision History
Chronological subdivision Middle Ages, 500-1500.
9 (RLIN) 2413
650 #0 - SUBJECT ADDED ENTRY--TOPICAL TERM
Topical term or geographic name as entry element Women historians.
9 (RLIN) 18240
700 1# - ADDED ENTRY--PERSONAL NAME
Personal name Stuard, Susan Mosher.
9 (RLIN) 2416
830 #0 - SERIES ADDED ENTRY--UNIFORM TITLE
Uniform title Middle Ages.
9 (RLIN) 18241
942 ## - ADDED ENTRY ELEMENTS (KOHA)
Source of classification or shelving scheme Library of Congress Classification
Koha item type Monograph ( Printed materials)
Holdings
Withdrawn status Lost status Source of classification or shelving scheme Damaged status Not for loan Collection code Home library Current library Shelving location Date acquired Total Checkouts Full call number Barcode Date last seen Price effective from Koha item type
    Library of Congress Classification     Main Collection ARRUPE LIBRARY ARRUPE LIBRARY Main Collection 16/07/2015   HQ1143 .W635 1987 46500002421 09/05/2018 16/07/2015 Monograph ( Printed materials)

 

Arrupe Library. PO Box MP320 Mt Pleasant, Harare, Zimbabwe
263 242 745411|librarian@aju.ac.zw